000 00617nam a2200217Ia 4500
003 OSt
005 20250609115816.0
008 220926b |||||||| |||| 00| 0 eng d
037 _cReference
040 _aRTL
_cRTL
_beng
041 _2eng
_aeng
084 _aBxM84 J0;2/SC
_qRTL
100 _aBirkhoff, George david
_9371051
245 0 _aCollected mathematical papers
260 _aNew
_bYork Dover Publications
_c1968
300 _avii, 983 p
440 _v2
650 _aMathematical science
_9812113
942 _hBxM84, J0.2/SC
_cREF
_2CC
_n0
999 _c691293
_d691293